000 00288nam a22001337a 4500
020 _a978-93-82562-53-5
082 _a823
_bJUN/A
100 _aJUNIOR DIAMOND
245 _aARABIAN NIGHT
260 _aDELHI
_bJUNIOR DIAMOND
300 _a24
650 _aMORAL STORIES
_zINDIA
942 _cBK
999 _c7048
_d7048